| 000 | 01042nmc a2200349 a 4500 | ||
|---|---|---|---|
| 003 | AR-BaBNM | ||
| 005 | 20251128204724.0 | ||
| 008 | 011101s1993 ||||||||||||||000 | spa|| | ||
| 020 | _a84-7509-935-1 | ||
| 040 | _cAR-BaBNM | ||
| 100 | 1 | _aGardner, Howard | |
| 245 | 1 | 0 |
_aLa mente no escolarizada _bcómo piensan los niños y cómo deberían enseñar las escuelas |
| 250 | _a1ª ed. | ||
| 260 |
_aBarcelona _bPaidós _c1993 |
||
| 300 | 0 | _a292 p. | |
| 490 | 0 |
_aTemas de educación _vv. 35 |
|
| 500 | 0 | _aContiene índice de nombres | |
| 500 | 0 | _aIndice analítico | |
| 500 | 0 | _aLista de títulos de la colección | |
| 600 | 1 | 4 | _aPiaget, Jean |
| 650 | 4 | _aPSICOLOGIA DE LA EDUCACION | |
| 650 | 4 | _aTEORIA DE LA INTELIGENCIA | |
| 650 | 4 | _aTEORIAS DEL APRENDIZAJE | |
| 650 | 4 | _aDESARROLLO COGNOSCITIVO | |
| 650 | 4 | _aPROCESO DE APRENDIZAJE | |
| 650 | 4 | _aDIFICULTADES EN EL APRENDIZAJE | |
| 650 | 4 | _aCURRICULO | |
| 653 | 0 | _aPSICOLOGIA COGNITIVA | |
| 700 | 1 |
_aMeler-Ortí, Ferran _etraductor |
|
| 942 | _cBK | ||
| 998 | _cMARTIN | ||
| 999 |
_c8564 _d8564 |
||